All Animals Part 2 - Canines - Statistics

General Stats
  • This quiz has been taken 18 times
  • The average score is 10 of 40
Answer Stats
Answer % Correct
Dog
88%
African Wild Dog
63%
Coyote
63%
Red Fox
63%
Dingo
50%
Fennec Fox
44%
Ethiopian Wolf
38%
Arctic Fox
31%
Dhole
31%
Gray Fox
31%
Timber Wolf
31%
Bush Dog
25%
Golden Jackal
25%
Kit Fox
25%
Maned Wolf
25%
Swift Fox
25%
Arctic Wolf
19%
Arctic Wolf
19%
Bat Eared Fox
19%
Crab Eating Fox
19%
Culpeo
19%
Darwin's Fox
19%
Island Fox
19%
Pampas Fox
19%
Short Eared Dog
19%
South American Gray Fox
19%
Tibetan Fox
19%
Black Backed Jackal
13%
Cape Fox
13%
Hoary Fox
13%
Japanese Raccoon Dog
13%
Raccoon Dog
13%
Ruppell's Fox
13%
Side Striped Jackal
13%
African Wolf
6%
Bengal Fox
6%
Blanford's Fox
6%
Corsac Fox
6%
Pale Fox
6%
Sechuran Fox
6%
No matching quizzes found
Score Distribution
Percent of People with Each Score
Percentile by Number Answered
Your Score History
You have not taken this quiz